LIBRARY & INFORMATION CENTRE, KCAET, TAVANUR

ONLINE PUBLIC ACCESS CATALOGUE (OPAC)

Human and animal powered water-lifting devices: A state of the out survey / (Record no. 9257)

MARC details
000 -LEADER
fixed length control field 00452cam a2200157ua 4500
003 - CONTROL NUMBER IDENTIFIER
control field OSt
008 - FIXED-LENGTH DATA ELEMENTS--GENERAL INFORMATION
fixed length control field 250310b |||||||| |||| 00| 0 eng d
041 ## - LANGUAGE CODE
Language code of text/sound track or separate title eng
082 ## - DEWEY DECIMAL CLASSIFICATION NUMBER
Classification number 621.64
Item number KEN/HU
100 ## - MAIN ENTRY--AUTHOR NAME
Personal name Kennedy, W K .
245 ## - TITLE STATEMENT
Title Human and animal powered water-lifting devices: A state of the out survey /
260 ## - PUBLICATION, DISTRIBUTION, ETC. (IMPRINT)
Place of publication :
Name of publisher Intermediate technology publications ,
Year of publication 1985.
300 ## - PHYSICAL DESCRIPTION
Number of Pages 111 ; .
700 1# - ADDED ENTRY--PERSONAL NAME
Personal name Rogers, T A .
942 ## - ADDED ENTRY ELEMENTS (KOHA)
Koha item type Books
Holdings
Withdrawn status Lost status Damaged status Home library Current library Date acquired Full call number Accession Number Koha item type
      KAUAET KAUAET 24/10/1989 621.64 KEN/HU 16546 Books
free website counter